2025-2026 Kansas City Chiefs Roster - Statistics

General Stats
  • This quiz has been taken 45 times
  • The average score is 23 of 51
Answer Stats
Position Name % Correct
Quarterback Patrick Mahomes
100%
Running Back Isiah Pacheco
89%
Wide Receiver Rashee Rice
87%
Running Back Kareem Hunt
84%
Tight End Travis Kelce
84%
Wide Receiver Xavier Worthy
82%
Quarterback Gardner Minshew II
76%
Running Back Brashard Smith
74%
Wide Receiver JuJu Smith-Schuster
74%
Offensive Lineman Trey Smith
74%
Tight End Noah Gray
71%
Offensive Lineman Creed Humphrey
68%
Wide Receiver Hollywood Brown
66%
Cornerback Trent McDuffie
66%
Defensive Lineman Chris Jones
63%
Quarterback Chris Oladokun
55%
Placekicker Harrison Butker
55%
Linebacker Nick Bolton
55%
Offensive Lineman Jawaan Taylor
53%
Cornerback Jaylen Watson
50%
Safety Bryan Cook
47%
Linebacker Leo Chenal
47%
Defensive Lineman George Karlaftis
45%
Wide Receiver Tyquan Thornton
45%
Offensive Lineman Jaylon Moore
42%
Linebacker Drue Tranquill
39%
Offensive Lineman Josh Simmons
39%
Offensive Lineman Kingsley Suamataia
39%
Wide Receiver Jalen Royals
34%
Tight End Jared Wiley
34%
Cornerback Joshua Williams
34%
Cornerback Nohl Williams
34%
Punter Matt Araiza
32%
Long Snapper James Winchester
29%
Offensive Lineman Esa Pole
24%
Linebacker Jeffrey Bassa
21%
Safety Mike Edwards
21%
Defensive Lineman Omarr Norman-Lott
21%
Offensive Lineman Wanya Morris
21%
Running Back Dameon Pierce
18%
Linebacker Jack Cochrane
18%
Cornerback Jaden Hicks
18%
Defensive Lineman Mike Danna
18%
Wide Receiver Nikko Remigio
18%
Defensive Lineman Ashton Gillotte
16%
Defensive Lineman Mike Pennel
16%
Tight End Robert Tonyan
16%
Offensive Lineman Mike Caliendo
13%
Linebacker Cooper McDonald
11%
Linebacker Brandon George
8%
Tight End Jake Briningstool
8%
No matching quizzes found
Score Distribution
Percent of People with Each Score
Percentile by Number Answered
Your Score History
You have not taken this quiz